Comuni della Provincia di Foggia (con mappa) - Statistics

Statistiche generali
  • Questo quiz è stato fatto 176 volte
  • Il punteggio medio è 38 su 61
Risposte nella Mappa
Le risposte nella mappa del quiz sottostante sono codificate secondo una scala di colori dal rosso al verde in base alla % di persone che hanno risposto correttamente.
 
Statistiche sulle risposte
Risposta % Corretto
Foggia
97%
Manfredonia
97%
Vieste
94%
Cerignola
89%
San Severo
87%
Lesina
84%
San Giovanni Rotondo
84%
Peschici
82%
Rodi Garganico
82%
Isole Tremiti
77%
Lucera
77%
Mattinata
76%
Ascoli Satriano
74%
Candela
71%
Monte Sant'Angelo
69%
San Marco in Lamis
69%
Apricena
68%
Orta Nova
68%
San Nicandro Garganico
68%
Troia
66%
Ischitella
65%
Stornara
65%
Cagnano Varano
63%
Stornarella
63%
Bovino
61%
Carpino
61%
Chieuti
61%
Alberona
60%
Biccari
60%
Carapelle
60%
Faeto
60%
Poggio Imperiale
60%
Rignano Garganico
60%
Vico del Gargano
60%
Zapponeta
60%
Accadia
58%
Torremaggiore
58%
Anzano di Puglia
56%
Castelluccio dei Sauri
56%
Deliceto
56%
Serracapriola
56%
Volturara Appula
56%
Orsara di Puglia
55%
Rocchetta Sant'Antonio
53%
San Paolo di Civitate
53%
Castelnuovo della Daunia
52%
Monteleone di Puglia
52%
Ordona
52%
Pietramontecorvino
52%
Carlantino
50%
Casalvecchio di Puglia
50%
Celenza Valfortore
50%
Celle di San Vito
50%
Panni
50%
Roseto Valfortore
50%
Casalnuovo Monterotaro
48%
Motta Montecorvino
48%
San Marco la Catola
48%
Sant'Agata di Puglia
48%
Volturino
47%
Castelluccio Valmaggiore
45%
Nessun quiz corrispondente trovato
Distribuzione punteggi
Percentuale di utenti per punteggio
Percentile per numero di risposta
I tuoi punteggi nel tempo
Non hai fatto questo quiz